| 000 | 00639nam a22001817a 4500 | ||
|---|---|---|---|
| 003 | BD-DhUL | ||
| 005 | 20170516181241.0 | ||
| 008 | 170516s2006 bg a|||| |||| 00| 0 ben c | ||
| 040 |
_aBD-DhUL _cBD-DhUL |
||
| 082 |
_a891.44 _bKAB |
||
| 245 | 0 | 0 |
_aকবিকথা / _cসম্পাদক গৌতম ঘোষদস্তিদার |
| 260 |
_aহাওড়া : _bরক্তমাংস, _c২০০৬ |
||
| 300 |
_a২০৭ পৃ. ; _c২২ সেমি |
||
| 650 | 0 | _aবাংলা সাহিত্য | |
| 650 | 0 | _aBangla Literature | |
| 700 | 1 | _aঘোষদস্তিদার, গৌতম | |
| 942 |
_2ddc _cBK |
||
| 999 |
_c197990 _d197990 |
||